出現頻度が高い漢字 TOP100 - Statistics

General Stats
  • This quiz has been taken 610 times
  • The average score is 47 of 100
Answer Stats
順位 出現回数 漢字 % Correct
2 510540
89%
4 363606
85%
40 170309
84%
23 236133
83%
13 274851
81%
14 274428
81%
56 144797
81%
60 139945
81%
3 377617
78%
46 157987
78%
1 592616
74%
39 170715
71%
64 136408
71%
9 310208
69%
76 121150
68%
80 115280
67%
27 208489
66%
29 195058
66%
8 313707
65%
19 246832
65%
20 245009
64%
22 239420
64%
10 304282
62%
18 252626
62%
6 322477
61%
11 300141
61%
25 221274
60%
84 111748
59%
28 199404
58%
5 342294
57%
21 243316
57%
36 178571
57%
41 169411
57%
83 113211
57%
32 190179
54%
69 126807
53%
15 272904
52%
42 164876
52%
26 218128
51%
38 174818
50%
59 140179
50%
16 267426
48%
66 133592
48%
43 163287
47%
81 113740
47%
94 106671
47%
96 105246
46%
100 102749
46%
7 314719
45%
12 276430
44%
34 183055
43%
50 151994
43%
75 121284
43%
30 194136
42%
17 254005
41%
51 151080
41%
61 139769
41%
68 127484
41%
87 109240
41%
98 103562
41%
54 148958
40%
79 115317
40%
53 149049
39%
55 147119
39%
62 137181
39%
65 135584
39%
86 109665
39%
67 132151
38%
63 137174
37%
77 118886
37%
78 116948
36%
31 190845
35%
35 182112
35%
47 155862
35%
48 155619
35%
92 107482
35%
49 153666
34%
71 125259
34%
88 109125
34%
91 107587
34%
52 149929
33%
57 144045
32%
44 160976
30%
82 113266
29%
93 107267
26%
33 187475
25%
70 126683
25%
85 111419
25%
89 109060
25%
90 107722
25%
24 228123
24%
37 178010
24%
72 124999
23%
74 123355
22%
95 105458
22%
58 141812
21%
73 124680
20%
97 103852
20%
45 159786
19%
99 103329
12%
No matching quizzes found
Score Distribution
Percent of People with Each Score
Percentile by Number Answered
Your Score History
You have not taken this quiz